| 000 | 00751nam a2200205Ii 4500 | ||
|---|---|---|---|
| 003 | JO-AjNU | ||
| 008 | 230605s9999||||xx |||||||||||||| ||und|| | ||
| 017 | _a1979/3878 | ||
| 040 |
_aJO-AjNU _bara _erda _cJO-AjNU |
||
| 041 | _aara | ||
| 050 | 1 | 4 | _aP90.R4 1979 |
| 100 | 3 |
_aرشتى، جيهان أحمد تأليف , _eauthor _935697 |
|
| 245 | 0 | 0 | _aالنظم الإذاعية في المجتمعات الإشتراكية |
| 264 | 3 | 1 | _aالقاهرة:دار الفكر العربي,1979 |
| 300 | _a397ص | ||
| 336 |
_atext _btxt _2rdacontent |
||
| 337 |
_aunmediated _bn _2rdamedia |
||
| 338 |
_avolume _bnc _2rdacarrier |
||
| 650 | 4 |
_aالنظم الاذاعية في المجتمعات الاشتراكية-الاتحاد السوفيتي _935698 |
|
| 999 |
_aA14762 _c18330 _d18330 |
||